00821 a2200169 45000010006000000050017000060080041000230030015000640400040000790800103001192450032002222640045002543000019002995050278003181000026005967000029006223290320260407155624.0260407a1969 arg spa dAR-UNSa-BCEJYS aAR-UNSa-BCEJYSbspacAR-UNSa-BCEJYS a658.012.123xModelos de decisión. Diagramas de decisión. Árboles de decisión (Cursogramas)10aDecisión y Organización 1aBuenos Aires :bEditores Asociadosc1969 a197 p.c23 cm. a1. Concepto de sistemas y teoría de la información - 2. Teoría de la decisión - 3. Sistemas. Moderno enfoque de la teoría de la organización - 4. Ensayo conceptual de empresa - 5. Modelo económico- financiero - 6. Modelo predictivo de necesidades financieras.1 aMariasch, Mario Oscar1 aBocardi, Enrique Ricardo